Pays commençant par B - Statistiques

Statistiques générales
  • Ce quiz a été pris 257 fois
  • Le résultat moyen est 12 sur 18
Statistiques - réponses
Continent Réponse % Correct
L'Europe Belgique
90%
Amérique du Sud Brésil
90%
Amérique du Sud Bolivie
85%
L'Europe Biélorussie
75%
L'Europe Bulgarie
75%
Asie Birmanie
74%
Asie Bhoutan
70%
Afrique Botswana
68%
Amérique du Nord Bahamas
67%
Afrique Bénin
66%
Asie Bangladesh
65%
Amérique du Nord Belize
65%
L'Europe Bosnie Herzégovine
64%
Amérique du Nord Barbade
60%
Asie Bahreïn
59%
Afrique Burkina Faso
59%
Asie Brunei
53%
Asie Burundi
51%
Aucun quiz correspondant
Distribution des résultats
% des personnes avec chaque résultat
Percentile par nombre de réponses
Votre historique - résultats
Vous n’avez pas pris ce quiz